| Tag |
First Indicator |
Second Indicator |
Subfields |
| LEADER |
00000cam a2200000 i 4500 |
| 001 |
in00000754752 |
| 005 |
20151016090644.0 |
| 008 |
781023s1964 dcu b f10000 eng d |
| 035 |
|
|
|a (OCoLC)04312479
|
| 035 |
|
|
|9 ADH3515AM
|
| 040 |
|
|
|a TKN
|c TKN
|d m.c.
|d TXA
|d UtOrBLW
|
| 045 |
|
|
|a x6x6
|
| 049 |
|
|
|a TXAM
|c [A12645384]
|
| 050 |
|
4 |
|a SD401
|b .P76 1964
|
| 245 |
0 |
0 |
|a Proceedings, Region 8 forest nurserymen's conferences :
|b Morganton, N.C., Aug. 19-20, 1964, Oklahoma City, Okla., Sept. 16-17, 1964.
|
| 264 |
|
1 |
|a [Washington?] :
|b [U.S. Forest Service?],
|c [1964?]
|
| 300 |
|
|
|a 202 pages ;
|c 27 cm.
|
| 336 |
|
|
|a text
|b txt
|2 rdacontent
|
| 337 |
|
|
|a unmediated
|b n
|2 rdamedia
|
| 338 |
|
|
|a volume
|b nc
|2 rdacarrier
|
| 500 |
|
|
|a Title from cover.
|
| 504 |
|
|
|a Includes bibliographical references.
|
| 650 |
|
0 |
|a Forest nurseries
|x Congresses.
|
| 650 |
|
0 |
|a Forests and forestry
|z United States
|v Congresses.
|
| 711 |
2 |
|
|a Eastern Regional Forest Nurserymen's Conference
|d (1964 :
|c Morganton, N.C.)
|
| 711 |
2 |
|
|a Western Regional Forest Nurserymen's Conference
|d (1964 :
|c Oklahoma City)
|
| 999 |
|
|
|a MARS
|
| 999 |
f |
f |
|s b8ca318b-5c08-3099-9f7e-df32cd1b8f99
|i 3224ceac-a5ba-308c-b3bc-043dd9bf8139
|t 0
|
| 952 |
f |
f |
|p ric
|a Texas A&M University
|b Rellis Campus
|c Joint Library Facility
|d Remote Storage
|t 0
|e SD401 .P76 1964
|h Library of Congress classification
|i unmediated -- volume
|m A14812645384
|
| 998 |
f |
f |
|a SD401 .P76 1964
|t 0
|l Remote Storage
|